00346nam a22001457a 450000500170000002000180001710000220003524500330005726000260009030000130011665000150012965000130014465000200015770000230017720260113152026.0 a9780486640396 aBishop, Richard L aTensor analysis on manifolds aNew YorkbDoverc1980 aviii+280 aSet theory aTopology aVector analysis aGoldberg, Samuel L